Aviation Medicine and the Airline Passengers. (Record no. 5059)

MARC details
000 -LEADER
fixed length control field 00544nam a22001937a 4500
003 - CONTROL NUMBER IDENTIFIER
control field OSt
005 - DATE AND TIME OF LATEST TRANSACTION
control field 20160822163803.0
008 - FIXED-LENGTH DATA ELEMENTS--GENERAL INFORMATION
fixed length control field 160822b xxu||||| |||| 00| 0 eng d
020 ## - INTERNATIONAL STANDARD BOOK NUMBER
International Standard Book Number 0340806370
040 ## - CATALOGING SOURCE
Transcribing agency DNLM
082 ## - DEWEY DECIMAL CLASSIFICATION NUMBER
Classification number WD750A51a 2002.
100 ## - MAIN ENTRY--PERSONAL NAME
Personal name Edited by Cummin,R.C.andrew;Nicholson,N.Anthony;
9 (RLIN) 10847
245 ## - TITLE STATEMENT
Title Aviation Medicine and the Airline Passengers.
260 ## - PUBLICATION, DISTRIBUTION, ETC. (IMPRINT)
Place of publication, distribution, etc. London.
Name of publisher, distributor, etc. Arnold.
Date of publication, distribution, etc. 2002.
300 ## - PHYSICAL DESCRIPTION
Extent vi,216p;
Other physical details ill;
Dimensions 25cm.
504 ## - BIBLIOGRAPHY, ETC. NOTE
Bibliography, etc Includes Index.
650 ## - SUBJECT ADDED ENTRY--TOPICAL TERM
Topical term or geographic name as entry element Aviation Medicine.
9 (RLIN) 10848
942 ## - ADDED ENTRY ELEMENTS (KOHA)
Source of classification or shelving scheme Other/Generic Classification Scheme
Koha item type Open Shelf
Holdings
Withdrawn status Lost status Source of classification or shelving scheme Damaged status Not for loan Home library Current library Date acquired Source of acquisition Inventory number Total Checkouts Full call number Barcode Date last seen Price effective from Koha item type
    Other/Generic Classification Scheme     MUST Main Library MUST Main Library 22/08/2016   05/23342   WD750A51a 2002. 2016-3787 22/08/2016 22/08/2016 Open Shelf